[Event "2007 WA Championship"]
[Site "Legacy House"]
[Date "2007.08.26"]
[Round "4"]
[White "Tomic, Nedeljko"]
[Black "Haselgrove, Miles"]
[Result "0-1"]
[WhiteElo "1746"]
[BlackElo "1864"]

1. f4 c5 2. Nf3 Nc6 3. b3 d5 4. Bb2 Nf6 5. e3 g6 6. Ne5 Bg7 7. Be2 Qc7 8.
O-O Ne4 9. Bb5 O-O 10. Bxc6 bxc6 11. d3 Nd6 12. Nd2 Nf5 13. Qe1 d4 14. exd4
cxd4 15. Ndc4 c5 16. Bc1 Re8 17. Bd2 f6 18. Nf3 e5 19. fxe5 fxe5 20. Bf4
Bb7 21. Bd2 e4 22. Ba5 Qd7 23. dxe4 Bxe4 24. Qd1 Qc6 25. Bd2 Rad8 26. Bg5
Rd7 27. Rc1 Bd5 28. Re1 Be4 29. Qd2 h6 30. Bf4 Rde7 31. Rf1 Bxf3 32. gxf3
Re2 33. Qd3 Qf6 34. Rf2 Rxf2 35. Kxf2 Qh4+ 36. Bg3 Nxg3 37. hxg3 Qh2+ 38.
Kf1 Qh1+ 39. Kf2 Qxc1 40. f4 Qe1+ 41. Kf3 h5 42. Ne5 Bxe5 43. Qc4+ Kg7 44.
Qb5 Bf6 0-1

[Event "2007 WA Championship"]
[Site "Legacy House"]
[Date "2007.08.26"]
[Round "4"]
[White "Whitehead, Paul"]
[Black "Sam, Ryan"]
[Result "0-1"]
[WhiteElo "1644"]
[BlackElo "1440"]

1. d4 d5 2. Nf3 Nc6 3. c4 e6 4. Nc3 Bb4 5. e3 Nf6 6. Bd3 Bd7 7. O-O Qe7 8.
Nb5 O-O-O 9. a3 Ba5 10. b4 dxc4 11. Bxc4 Bb6 12. Qb3 h6 13. Bb2 g5 14. Rad1
Rhg8 15. Rfe1 h5 16. Nd2 g4 17. Bf1 h4 18. Nc4 g3 19. Nxb6+ cxb6 20. f3 a6
21. Nc3 gxh2+ 22. Kh1 b5 23. Qc2 Qd6 24. Ne4 Nxe4 25. Qxe4 h3 26. f4 Ne7
27. Kxh2 Bc6 28. Qc2 hxg2 29. Bd3 Rh8+ 30. Kg1 Rh1+ 31. Kf2 Rh2 32. Rg1 Kb8
33. d5 Qxd5 34. Be5+ Kc8 35. Be2 Qe4 36. Rxd8+ Kxd8 37. Qxe4 Bxe4 38. Bf3
Bxf3 39. Kxf3 Nc6 40. Bc3 Rh3+ 41. Kf2 Rh2 42. Kg3 Rh6 43. Rd1+ Ke7 44.
Kxg2 f6 45. Kf3 Rh3+ 46. Ke4 Rh2 47. Rd2 Rxd2 48. Bxd2 Kd6 49. Bc3 f5+ 50.
Kd3 Kd5 51. Bf6 b6 52. Bc3 a5 53. Bd2 axb4 54. axb4 e5 55. Bc3 e4+ 56. Kc2
Kc4 57. Kb2 Nxb4 58. Bd4 Kd3 59. Kb3 Nd5 60. Kb2 Nxe3 0-1

[Event "2007 WA Championship"]
[Site "Legacy House"]
[Date "2007.08.26"]
[Round "4"]
[White "Sheridan,Wallace"]
[Black "Johnstone,Ray"]
[Result "1/2-1/2"]
[WhiteElo "1621"]
[BlackElo "1699"]

1. d4 e6 2. Nf3 b6 3. e3 Bb7 4. Bd3 Nf6 5. Nbd2 Be7 6. O-O O-O 7. e4 d5 8. e5
Ne4 9. Qe2 Ng5 10. Nxg5 Bxg5 11. Qh5 g6 12. Qh3 Nd7 13. f4 Be7 14. Nf3 c5 15.
c3 Rc8 16. Ng5 Bxg5 17. fxg5 cxd4 18. cxd4 Qe7 19. Bd2 Rc7 20. Qh6 Rfc8 21. Rf3
Qf8 22. Qh4 Nb8 23. Qe1 Nc6 24. Bc3 a6 25. h4 h5 26. gxh6 Qxh6 27. Rf6 b5 28.
Qg3 Kh7 29. Raf1 Kg7 30. Qf2 Nd8 31. Bd2 Qh5 32. Ba5 Rd7 33. Bxd8 Rcxd8 34.
Rxf7+ Kg8 35. Rf8+ Rxf8 36. Qxf8+ Kh7 37. Rf7+ Rxf7 38. Qxf7+ Kh6 39. Qxb7 Qd1+
1/2-1/2

[Event "2007 WA Championship"]
[Site "Legacy House"]
[Date "2007.08.26"]
[Round "4"]
[White "Dunlop, Gordon"]
[Black "Boni, Christopher"]
[Result "1-0"]
[WhiteElo "1857"]
[BlackElo "1288"]

1. d4 Nf6 2. c4 g6 3. Nc3 Bg7 4. e4 d6 5. Be2 O-O 6. Nf3 e5 7. dxe5 dxe5 
8. Qxd8 Rxd8 9. Bg5 Nc6 10. Nd5 Rd6 11. c5 Rxd5 12. exd5 Nxd5 13. O-O e4 
14. Nd2 Bxb2 15. Rab1 Bd4 16. Nxe4 Bf5 17. Bf3 Bxe4 18. Bxe4 Nc3 19. Bxc6 
bxc6 20. Rb7 Nxa2 21. Rxc7 Nb4 22. Rd1 Bxc5 23. Bf6 Bb6 24. Rb7 Re8 25. g3 
Na6 26. Kg2 Kf8 27. Rdd7 Nc7 28. Rdxc7 Bxc7 29. Rxc7 Ra8 30. Rxc6 a5 31. Rd6
Ke8 32. Kf3 a4 33. Kg4 h5+ 34. Kg5 a3 35. Kh6 a2 36. Rd1 Rb8 37. Kg7 1-0

[Event "2007 WA Championship"]
[Site "Legacy House"]
[Date "2007.08.26"]
[Round "4"]
[White "Bailye, Ron"]
[Black "Vlietstra, Marc"]
[Result "0-1"]
[WhiteElo "1929"]
[BlackElo "1112"]

1. e4 c5 2. Nf3 d6 3. d4 cxd4 4. Nxd4 Nf6 5. Nc3 a6 6. h3 e6 7. Bd3 Be7 
8. O-O b5 9. Re1 Bb7 10. Bg5 Nbd7 11. Nce2 Rc8 12. Ng3 h6 13. Bf4 e5 
14. Be3 exd4 15. Bxd4 Ne5 16. Bf1 Qc7 17. Rc1 O-O 18. f4 Nc6 19. Bf2 Rfd8 
20. Nf5 Bf8 21. c3 Ne7 22. Nxe7+ Bxe7 23. Qc2 d5 24. e5 Ne4 25. Bd3 Nxf2 
26. Kxf2 Bc5+ 27. Kf1 Qe7 28. Bf5 Rc7 29. e6 Bc8 30. exf7+ Qxf7 31. Bh7+ 
Kh8 32. g3 Qh5 33. Re2 Qxh3+ 34. Ke1 Qxg3+ 35. Kd2 Qxf4+ 36. Kd1 Bg4 37. 
Bd3 Be3 38. Qb1 Qf1+ 39. Kc2 Qxc1+ 40. Qxc1 Bxc1 41. Kxc1 Bxe2 42. Bxe2 b4 
43. Kc2 bxc3 44. b3 d4 45. Bd3 Rf8 46. b4 Rf2+ 47. Kb3 Rd2 48. Bc2 Rxc2 
49. Kxc2 d3+ 0-1

[Event "2007 WA Championship"]
[Site "Legacy House"]
[Date "2007.08.26"]
[Round "4"]
[White "Pavlovic, Michael"]
[Black "Williams, Verity"]
[Result "1/2-1/2"]
[WhiteElo "1604"]
[BlackElo "996"]

1. d4 d5 2. c4 e6 3. Nc3 Nf6 4. Bg5 Bb4 5. e3 O-O 6. Nf3 h6 7. Bh4 Nbd7 
8. cxd5 exd5 9. Rc1 a6 10. Bd3 b6 11. O-O Bxc3 12. Rxc3 c5 13. dxc5 bxc5 
14. Bf5 Nb6 15. Bb1 Qd6 16. Bxf6 Qxf6 17. Qd3 g6 18. Rxc5 Qxb2 19. Nh4 
Qf6 20. Nf3 1/2-1/2

[Event "2007 WA Championship"]
[Site "Legacy House"]
[Date "2007.09.02"]
[Round "5"]
[White "Johnstone,Ray"]
[Black "Pavlovic,Michael"]
[Result "1/2-1/2"]
[WhiteElo "1699"]
[BlackElo "1604"]

1. e4 e5 2. Nf3 Nc6 3. Bc4 Bc5 4. O-O d6 5. b4 Bxb4 6. c3 Ba5 7. d4 Bb6 8. dxe5 
dxe5 9. Qxd8+ Nxd8 10. Nxe5 Be6 11. Bd3 $146 Ne7 12. Ba3 Ndc6 13. Bb5 a6 14. Ba4 
f6 15. Nxc6 Nxc6 16. Bxc6+ bxc6 17. Rd1 Kf7 18. Kf1 Rhd8 19. Nd2 Rd7 20. f3 Rad8 
21. Ke1 Bg1 22. h3 Bh2 23. Nf1 Be5 24. Rxd7+ Rxd7 25. Bb4 Bc4 26. a3 Ke6 27. Rc1 
Bf4 28. Ra1 Be5 29. Rc1 Rd3  30. Kf2 Bf4 31. Ra1 Bd6 32. Rc1 a5 33. Bxa5 Bxa3 34.
Rc2 Bc5+ 35. Ke1 Bd6 36. Rd2 c5 37. Rxd3 Bxd3 38. Ne3 1/2-1/2

[Event "2007 WA Championship"]
[Site "Legacy House"]
[Date "2007.09.02"]
[Round "5"]
[White "Ellis, David"]
[Black "Lakner, Jay"]
[Result "0-1"]
[WhiteElo "1956"]
[BlackElo "2024"]

1. d4 Nf6 2. c4 g6 3. Nc3 Bg7 4. g3 O-O 5. Bg2 d6 6. e3 e5 7. Nge2 c6 8.
O-O Nh5 9. b3 Qa5 10. Bd2 Qc7 11. Rc1 f5 12. b4 Nd7 13. d5 c5 14. Nb5 Qb8
15. bxc5 Nxc5 16. Bb4 a6 17. Bxc5 dxc5 18. Nbc3 Qd6 19. Rb1 Rb8 20. a4 Bf6
21. Qb3 Bd8 22. f3 Nf6 23. e4 f4 24. g4 Ne8 25. Nc1 Ba5 26. Nd3 Bd7 27. Qa3
b6 28. Ne2 Bd2 29. Kh1 Be3 30. Qb2 Bxa4 31. Nxe5 Ng7 32. Nd3 b5 33. Qa2
bxc4 34. Qxc4 Bb5 35. Qc2 Rfd8 36. Nc3 Ne8 37. Rfd1 Bxd3 38. Qxd3 g5 39.
Bf1 Bd4 40. Ne2 Be3 41. Ng3 fxg3 42. Qxe3 Qh6 43. Qd2 Qf6 44. Qg2 gxh2 45.
Kxh2 a5 46. Qg3 Rb2+ 47. Rxb2 Qxb2+ 48. Qg2 Qe5+ 49. Qg3 Qb2+ 50. Qg2 Qb3
51. Qd2 Rd6 52. Be2 Qb8 53. Kg1 Rg6 54. Bc4 Nd6 55. Bf1 Nf7 56. Qc3 Qg3+
57. Bg2 Rb6 58. Qe1 Qf4 59. Rb1 Rxb1 60. Qxb1 Qe3+ 61. Kh2 Qd4 62. Qb5 a4
63. Kh3 a3 64. e5 Qxe5 65. Qc4 Qd4 66. Qb3 Qb2 67. Qd3 a2 68. d6 a1=Q 0-1

[Event "2007 WA Championship"]
[Site "Legacy House"]
[Date "2007.09.02"]
[Round "5"]
[White "Saxon, Marc"]
[Black "Holland, Dennis"]
[Result "0-1"]
[WhiteElo "1857"]
[BlackElo "1786"]

1. e4 e6 2. d4 d5 3. Nc3 Nf6 4. e5 Nfd7 5. f4 c5 6. Nf3 Nc6 7. Be3 cxd4 8.
Nxd4 Bb4 9. Qg4 O-O 10. Bd3 Ndxe5 11. fxe5 Nxe5 12. Qe2 Nxd3+ 13. Qxd3 e5
14. Nb3 d4 15. O-O-O Bg4 16. Ne2 dxe3 17. Qxe3 Qc7 18. a3 Rac8 19. c3 Bxe2
20. Qxe2 Bxc3 21. Kb1 Qb6 22. Ka2 Bd4 23. Nxd4 exd4 24. Rd3 Rc7 25. Rhd1
Rd7 26. Rg3 Qe6+ 27. Qxe6 fxe6 28. Rg4 e5 29. Re4 Rd5 30. Kb3 Rc8 31. Rd2
Kf7 32. g4 Ke6 33. a4 Rf8 34. Kc4 b6 35. Kd3 Rf3+ 36. Ke2 Rh3 37. Kd1 Re3
38. Re2 Rxe4 39. Rxe4 Ra5 40. b3 Rc5 41. Re2 Rc3 42. Rb2 e4 43. Ke2 Ke5 44.
a5 d3+ 45. Kd2 Rc2+ 46. Rxc2 dxc2 47. Kxc2 bxa5 48. Kd2 Kf4 49. h3 Kf3 50.
Ke1 Kg3 51. Ke2 Kxh3 52. g5 Kg4 0-1

[Event "2007 WA Championship"]
[Site "Legacy House"]
[Date "2007.09.02"]
[Round "5"]
[White "Sam, Ryan"]
[Black "Bwalya, Ricky"]
[Result "1/2-1/2"]
[WhiteElo "1440"]
[BlackElo "1637"]

1. e4 e6 2. d4 d5 3. Nc3 Nf6 4. Bg5 Be7 5. e5 Nfd7 6. Bxe7 Qxe7 7. Nf3 c5
8. Nb5 Kd8 9. Nd6 Nc6 10. c3 f6 11. Bb5 fxe5 12. Bxc6 bxc6 13. dxe5 Rf8 14.
Qa4 Nxe5 15. Nxe5 Qxd6 16. Nxc6+ Ke8 17. Ne5+ Bd7 18. Nxd7 Qxd7 19. Qxd7+
Kxd7 20. Ke2 c4 21. Ke3 Rab8 22. Rab1 Rf5 23. b3 Re5+ 24. Kd2 cxb3 25. axb3
Rf8 26. f3 Kc6 27. Rhe1 Rxe1 28. Rxe1 Kd6 29. Ra1 Rf7 30. Kd3 g5 31. b4 h5
32. Ke3 Rc7 33. Ra3 Ke5 34. Kd3 Rd7 35. Ra5 Kf6 36. Kd4 e5+ 37. Kd3 Kf5 38.
g3 g4 39. Ke3 gxf3 40. Kxf3 e4+ 41. Ke3 Kg4 42. c4 d4+ 43. Kxe4 d3 44. Ra1
d2 45. Rd1 Kh3 46. Ke3 Kxh2 47. Rxd2+ Rxd2 48. Kxd2 Kxg3 49. c5 h4 50. c6
h3 51. c7 h2 52. c8=Q h1=Q 53. Qc7+ Kg4 54. Qxa7 Qd5+ 55. Kc3 Qf3+ 56. Kc4
Qe2+ 57. Kd5 Qf3+ 58. Kd6 Qf4+ 59. Kd5 Qxb4 1/2-1/2

[Event "2007 WA Championship"]
[Site "Legacy House"]
[Date "2007.09.02"]
[Round "5"]
[White "Hardegen, Andrew"]
[Black "Sheridan, Wallace"]
[Result "1-0"]
[WhiteElo "1978"]
[BlackElo "1621"]

1. e4 d6 2. d4 Nf6 3. Nc3 e5 4. Nf3 Nbd7 5. Bc4 Be7 6. O-O O-O 7. Re1 c6 8.
a4 b6 9. h3 a6 10. b3 Bb7 11. d5 c5 12. Bf1 Ne8 13. Nd2 Bg5 14. Nc4 g6 15.
Bxg5 Qxg5 16. Qg4 Qe7 17. Ne3 Ng7 18. Bd3 Kh8 19. g3 Bc8 20. Kg2 Ra7 21. f4
exf4 22. gxf4 Ne5 23. Qd1 Nxd3 24. Qxd3 Qh4 25. Nc4 Qxf4 26. Qg3 Nh5 27.
Qxf4 Nxf4+ 28. Kg3 Nh5+ 29. Kh4 f5 30. Nxd6 Bd7 31. e5 Be8 32. Nxe8 Rxe8
33. e6 Rae7 34. d6 Ra7 35. d7 Rd8 1-0

[Event "2007 WA Championship"]
[Site "Legacy House"]
[Date "2007.09.02"]
[Round "5"]
[White "Cuellar, Chris"]
[Black "Jahangirian, Mohammad"]
[Result "0-1"]
[WhiteElo "1535"]
[BlackElo "1665"]

1. e4 c5 2. Nc3 Nc6 3. f4 e6 4. Nf3 Nf6 5. Bb5 Nd4 6. Ba4 a6 7. e5 Ng8 8.
Nxd4 cxd4 9. Ne4 b5 10. Bb3 d5 11. exd6 Bxd6 12. Qg4 g6 13. Qf3 Rb8 14. c3
Be7 15. d3 Bb7 16. Qe2 Nh6 17. O-O Nf5 18. Nf2 O-O 19. Ng4 Rc8 20. c4 Rc5
21. Bd2 bxc4 22. Bxc4 Qb6 23. Ne5 Rd8 24. a3 Rcc8 25. b3 Kg7 26. Nf3 Bf6
27. Rac1 Ne3 28. Bxe3 dxe3 29. Rce1 Qa5 30. Qxe3 Qxa3 31. Ra1 Bxa1 0-1

[Event "2007 WA Championship"]
[Site "Legacy House"]
[Date "2007.09.02"]
[Round "5"]
[White "Haselgrove, Miles"]
[Black "Dunlop, Gordon"]
[Result "1-0"]
[WhiteElo "1864"]
[BlackElo "1857"]

1. e4 c5 2. Nf3 g6 3. d4 Bg7 4. dxc5 Qa5+ 5. c3 Qxc5 6. Na3 e6 7. Nc4 d5 
8. Be3 Qc6 9. Bd4 f6 10. exd5 Qxd5 11. Qc2 e5 12. Be3 Nc6 13. Rd1 Qe6 14.
Nd6+ Kf8 15. Bc4 Qg4 16. O-O Nge7 17. h3 Qh5 18. Be2 Bf5 19. Qb3 Nd8 20.
Qa4 b5 21. Qxb5 Ne6 22. Qc4 g5 23. Nxg5 1-0

[Event "2007 WA Championship"]
[Site "Legacy House"]
[Date "2007.09.02"]
[Round "5"]
[White "Vlietstra, Marc"]
[Black "Balaji, Shyam"]
[Result "1-0"]
[WhiteElo "1929"]
[BlackElo "1274"]

1. e4 c5 2. Nf3 d6 3. d4 cxd4 4. Nxd4 Nf6 5. Nc3 a6 6. Bg5 e6 7. f4 Be7 
8. Qd2 Qc7 9. O-O-O b5 10. Bxb5+ axb5 11. Ndxb5 Qd8 12. e5 dxe5 13. Qxd8+ 
Bxd8 14. Nd6+ Kf8 15. Nxc8 Nc6 16. Nd6 Bc7 17. Bxf6 gxf6 18. Nxf7 Kxf7 19.
Rd7+ Kg6 20. Rxc7 Rhc8 21. Rxc8 Rxc8 22. fxe5 Nxe5 23. a4 Rc4 24. Re1 h5 
25. Re4 Rc6 26. a5 Kf5 27. Ra4 Ra6 28. b4 Nc4 29. Nb1 Nd6 30. Nd2 Ke5 
31. c4 Nb7 32. Nb3 Ra8 33. a6 Nd6 34. c5 Nb5 35. Ra5 Nc7 36. b5 Kd5 37.
b6 Rxa6 38. bxc7 Rc6 39. Ra7 e5 40. Kd2 e4 41. Ke3 Ke5 42. Nd2 f5 43. Nc4+ 
Ke6 1-0

[Event "2007 WA Championship"]
[Site "Legacy House"]
[Date "2007.09.02"]
[Round "5"]
[White "Fedec, John"]
[Black "Oswald, Franz"]
[Result "1-0"]
[WhiteElo "1865"]
[BlackElo "1417"]

1. e4 c6 2. d4 d5 3. Nc3 dxe4 4. Nxe4 Nd7 5. Ng5 Ngf6 6. Bd3 e6 7. Qe2 Nb6 
8. N1f3 h6 9. Ne4 Be7 10. Bd2 Nxe4 11. Qxe4 Nd7 12. O-O-O Nf6 13. Qe2 c5 
14. dxc5 Bxc5 15. Bb5+ Bd7 16. Bc3 Qe7 17. Bxf6 gxf6 18. Rxd7 1-0

[Event "2007 WA Championship"]
[Site "Legacy House"]
[Date "2007.09.02"]
[Round "5"]
[White "Boni, Christopher"]
[Black "DeHeer, Alex"]
[Result "0-1"]
[WhiteElo "1288"]
[BlackElo "1475"]

1. d4 d5 2. c4 c6 3. Nc3 Nf6 4. Nf3 e6 5. Bg5 Be7 6. e3 Nbd7 7. Bd3 dxc4 
8. Bxc4 Nd5 9. Bxe7 Qxe7 10. O-O Nxc3 11. bxc3 e5 12. a4 Nb6 13. Nxe5 Nxc4 
14. Nxc4 Be6 15. Nd2 O-O 16. c4 Qg5 17. Kh1 Rfe8 18. e4 Rad8 19. Nf3 Qf4 
20. Qd3 Bg4 21. Nd2 Re6 22. f3 Rh6 23. Kg1 Qxh2+ 24. Kf2 Bh3 25. Rg1 Rg6 
26. Qf1 Rxd4 27. Ke3 Rgd6 28. Ra2 Rd3+ 29. Ke2 Qf4 30. Qe1 Re3+ 0-1

[Event "2007 WA Championship"]
[Site "Legacy House"]
[Date "2007.09.02"]
[Round "5"]
[White "Williams, Verity"]
[Black "Bailye, Ron"]
[Result "1-0"]
[WhiteElo "996"]
[BlackElo "1112"]

1. d4 Nf6 2. c4 e6 3. Nf3 d5 4. e3 c5 5. Nc3 cxd4 6. Nxd4 Bb4 7. Qa4+ Nc6 
8. Nxc6 Bxc3+ 9. bxc3 bxc6 10. Qxc6+ Bd7 11. Qd6 Ne4 12. Qa3 Qe7 13. cxd5 Qxa3 
14. Bxa3 exd5 15. c4 dxc4 16. Bxc4 Rc8 17. Rc1 h6 18. O-O Nd2 19. Ba6 Rb8 20. 
Rfd1 Ne4 21. Rc7 Nf6 22. Rxa7 Ba4 23. Re7+ Kf8 24. Rb7+ Kg8 25. Rxb8+ Kh7 
26. Rxh8+ Kxh8 27. Rd8+ Kh7 28. Rf8 Bc6 29. Bd3+ Ne4 30. f3 f5 31. Rxf5 g6 
32. Bxe4 Bxe4 33. fxe4 gxf5 34. exf5 1-0

[Event "2007 WA Championship"]
[Site "Legacy House"]
[Date "2007.09.09"]
[Round "6"]
[White "Boyd, Tristan"]
[Black "Hare, Tim"]
[Result "1-0"]
[WhiteElo "2264"]
[BlackElo "2038"]

1. e4 g6 2. d4 Bg7 3. Nc3 c6 4. Be3 d5 5. Qd2 a6 6. f3 h5 7. Nge2 Nh6 8. h3
Be6 9. Nf4 Qd6 10. g4 Nd7 11. gxh5 g5 12. Nxe6 fxe6 13. O-O-O Nf7 14. f4
gxf4 15. Bxf4 Qxf4 16. Qxf4 Bh6 17. Qxh6 Nxh6 18. Be2 Nf6 19. e5 Nd7 20.
Bg4 Nf5 21. Ne2 c5 22. c3 cxd4 23. cxd4 Rc8+ 24. Kb1 Rh6 25. b3 Nb8 26. Nf4
Rc6 27. Rhg1 Ng7 28. Be2 Kf7 29. Rdf1 Nf5 30. Nxe6 Kxe6 31. Bg4 Kd7 32.
Rxf5 Kc7 33. Rf7 Kd8 34. Rf8+ 1-0

[Event "2007 WA Championship"]
[Site "Legacy House"]
[Date "2007.09.09"]
[Round "6"]
[White "Lakner, Jay"]
[Black "Holland, Dennis"]
[Result "1-0"]
[WhiteElo "2024"]
[BlackElo "1786"]

1. c4 e6 2. Nc3 d5 3. cxd5 exd5 4. d4 c6 5. Qc2 Bd6 6. Nf3 Ne7 7. Bg5 f6 8.
Bd2 Bf5 9. e4 Bg6 10. Nh4 Bf7 11. Bd3 g5 12. Nf5 Nxf5 13. exf5 Qc7 14.
O-O-O h5 15. Rde1+ Kd7 16. h4 g4 17. g3 b5 18. Ne2 a5 19. Nf4 Na6 20. a3
Qb6 21. Re6 Nb4 22. axb4 axb4 23. Rxd6+ Kxd6 24. Bxb4+ Kd7 25. Qc3 Rhe8 26.
Kd2 Ra4 27. Bc2 Ra6 28. Nd3 Raa8 29. Rc1 Bg8 30. Kd1 Bf7 31. Ba3 Qc7 32.
Nb4 Bg8 33. Bd3 Rac8 34. Qc5 Qd6 35. Qxd6+ Kxd6 36. Nxc6+ Kd7 37. Bxb5 1-0

[Event "2007 WA Championship"]
[Site "Legacy House"]
[Date "2007.09.09"]
[Round "6"]
[White "Bwalya, Ricky"]
[Black "Ellis, David"]
[Result "0-1"]
[WhiteElo "1637"]
[BlackElo "1956"]

1. d4 e6 2. c4 Bb4+ 3. Nc3 f5 4. g3 Nf6 5. Bg2 O-O 6. Bd2 d6 7. Nh3 Qe7 8.
a3 Bxc3 9. bxc3 c5 10. Nf4 Nc6 11. d5 Nd8 12. dxe6 Nxe6 13. Be3 Nc7 14. Qd3
Kh8 15. Rd1 Nfe8 16. h4 Rb8 17. h5 b6 18. Bd5 Ne6 19. h6 g6 20. f3 Nxf4 21.
Bxf4 Bd7 22. Qd2 Ba4 23. Rb1 Nf6 24. Bg5 Qe5 25. Bf4 Qe7 26. Bg5 Rbe8 27.
Kf2 Qc7 28. Rbe1 Re5 29. Bf4 Ree8 30. e3 Qe7 31. Re2 Nh5 32. Rxh5 gxh5 33.
e4 h4 34. Bg5 hxg3+ 35. Kxg3 Rg8 36. Bxg8 Rxg8 37. Kh4 Qe6 38. exf5 Qxf5
39. f4 Bd7 40. Kg3 Qh3+ 41. Kf2 Qh2+ 42. Ke1 Qg1# 0-1

[Event "2007 WA Championship"]
[Site "Legacy House"]
[Date "2007.09.09"]
[Round "6"]
[White "Sam, Ryan"]
[Black "Fedec, John"]
[Result "0-1"]
[WhiteElo "1440"]
[BlackElo "1865"]

1. e4 c5 2. Nf3 d6 3. Nc3 Nc6 4. Bc4 e5 5. d3 Be7 6. Be3 Nf6 7. Qd2 h6 8.
O-O-O Rb8 9. Rhg1 a6 10. Nd5 b5 11. Bb3 Be6 12. Nxe7 Qxe7 13. Bxe6 Qxe6 14.
Kb1 a5 15. Nh4 Ne7 16. h3 a4 17. g4 a3 18. b3 c4 19. Nf5 Rg8 20. Qb4 cxb3
21. cxb3 Kd7 22. Qxa3 Nc6 23. f4 Ra8 24. Qb2 g6 25. Nxh6 Rgc8 26. f5 Qe7
27. a3 d5 28. g5 Rxa3 29. gxf6 Qb4 30. Bd2 Qxb3 31. Qxb3 Rxb3+ 32. Kc2 Nd4#
0-1

[Event "2007 WA Championship"]
[Site "Legacy House"]
[Date "2007.09.09"]
[Round "6"]
[White "Shaw, Robin"]
[Black "Johnstone, Ray"]
[Result "0-1"]
[WhiteElo "1770"]
[BlackElo "1699"]

1. c4 e5 2. Nc3 Nf6 3. a3 b6 4. Nf3 Nc6 5. d3 Bb7 6. b4 Bd6 7. Bg5 h6 8.
Bh4 g5 9. Bg3 Nh5 10. Ne4 f5 11. Nxd6+ cxd6 12. h3 Nxg3 13. fxg3 Qf6 14. b5
Na5 15. e3 Rf8 16. Be2 O-O-O 17. O-O Qg7 18. g4 h5 19. Nd2 hxg4 20. hxg4 f4
21. e4 Qh6 22. Nf3 Rh8 23. Kf2 Qf6 24. Qc2 Kb8 25. Rh1 Rc8 26. Rxh8 Qxh8
27. Rg1 d5 28. Qb2 dxc4 29. Qxe5+ Qxe5 30. Nxe5 c3 31. Nxd7+ Ka8 32. Ne5 c2
33. Nc4 Nb3 0-1

[Event "2007 WA Championship"]
[Site "Legacy House"]
[Date "2007.09.16"]
[Round "7"]
[White "Lakner, Jay"]
[Black "Boyd, Tristan"]
[Result "0-1"]
[WhiteElo "2024"]
[BlackElo "2264"]

1. e4 c5 2. Nc3 Nc6 3. g3 g6 4. Bg2 Bg7 5. d3 d6 6. Be3 e5 7. Qd2 Nge7 8.
h4 Nd4 9. Nd1 h5 10. c3 Ne6 11. Bh3 b6 12. f4 Bb7 13. Nf3 exf4 14. gxf4 d5
15. Bxe6 fxe6 16. Ng5 Qd7 17. Qc2 Rf8 18. Nf2 O-O-O 19. O-O-O Kb8 20. Nfh3
Nc6 21. Bg1 Ka8 22. Bh2 Rc8 23. Rhg1 Rfd8 24. Qg2 Na5 25. Nf2 d4 26. c4 b5
27. b3 bxc4 28. dxc4 Nxc4 29. bxc4 Qa4 30. Nd3 Qxc4+ 31. Qc2 Qa6 32. f5
exf5 33. exf5 c4 34. Ne5 Qa5 35. Ngf7 d3 36. Nxc4 dxc2 37. Rxd8 Qxa2 38.
Rxc8+ Bxc8 39. Nce5 Bxf5 40. Kd2 c1=Q+ 0-1

[Event "2007 WA Championship"]
[Site "Legacy House"]
[Date "2007.09.16"]
[Round "7"]
[White "Hardegen, Andrew"]
[Black "Vlietstra, Marc"]
[Result "1-0"]
[WhiteElo "1978"]
[BlackElo "1929"]

1. d4 Nf6 2. c4 e6 3. Nc3 Bb4 4. Qc2 b6 5. e4 Bb7 6. Bd3 d5 7. cxd5 exd5 8.
e5 Ne4 9. Ne2 h6 10. O-O Nxc3 11. bxc3 Be7 12. f4 c5 13. Be3 c4 14. Bf5 Bc8
15. Bxc8 Qxc8 16. f5 Qc6 17. f6 gxf6 18. exf6 Bd6 19. Qf5 Nd7 20. Nf4 Bxf4
21. Bxf4 O-O-O 22. a4 Qe6 23. Qxe6 fxe6 24. Rae1 Nf8 25. Rf3 Rd7 26. Rg3
Kd8 27. Rg7 Ke8 28. Be5 Rf7 29. a5 Nd7 30. axb6 Nxb6 31. Ra1 Rhf8 32. Rxa7
Rxa7 33. Rxa7 Nd7 34. g4 Nxf6 35. Ra8+ Ke7 36. Rxf8 1-0

[Event "2007 WA Championship"]
[Site "Legacy House"]
[Date "2007.09.16"]
[Round "7"]
[White "Holland, Dennis"]
[Black "Ellis, David"]
[Result "1/2-1/2"]
[WhiteElo "1786"]
[BlackElo "1956"]

1. d4 e6 2. c4 Bb4+ 3. Nd2 Nf6 4. a3 Bxd2+ 5. Bxd2 b6 6. Qc2 Bb7 7. f3 c5
8. dxc5 bxc5 9. e4 Nc6 10. Bc3 O-O 11. Bd3 e5 12. Ne2 Nd4 13. Nxd4 cxd4 14.
Bd2 d6 15. O-O Qe7 16. Bg5 h6 17. Bh4 g5 18. Be1 Nh5 19. Rc1 Rfc8 20. Qd2
Rc7 21. b4 Rac8 22. Bf2 Nf4 23. Rc2 Qd7 24. Rfc1 Qa4 25. Bf1 Ba8 26. g3 Ne6
27. Qd3 a5 28. Be1 axb4 29. axb4 Ra7 30. Bh3 Qa3 31. Qxa3 Rxa3 32. Bxe6 1/2-1/2

[Event "2007 WA Championship"]
[Site "Legacy House"]
[Date "2007.09.16"]
[Round "7"]
[White "Johnstone, Ray"]
[Black "Fedec, John"]
[Result "0-1"]
[WhiteElo "1699"]
[BlackElo "1865"]

1. e4 e5 2. Nf3 Nc6 3. Bc4 Nf6 4. Ng5 Bc5 5. Bxf7+ Kf8 6. Bb3 Qe8 7. O-O
Nd4 8. Nc3 d6 9. Kh1 h6 10. f4 exf4 11. Nf3 Bg4 12. d3 g5 13. Na4 Nd7 14.
c3 Nxf3 15. gxf3 Bh3 16. Nxc5 dxc5 17. Rg1 Ne5 18. d4 Rd8 19. Bd5 c6 20.
dxe5 cxd5 21. exd5 Qxe5 22. c4 Re8 23. Rb1 Rg8 24. b4 g4 25. Qd2 gxf3 26.
Rxg8+ Kxg8 27. Ba3 Qe3 28. Rg1+ Kf8 29. Qxe3 fxe3 30. Bc1 f2 0-1

[Event "2007 WA Championship"]
[Site "Legacy House"]
[Date "2007.09.16"]
[Round "7"]
[White "Saxon, Marc"]
[Black "Sam, Ryan"]
[Result "0-1"]
[WhiteElo "1857"]
[BlackElo "1440"]

1. e4 e5 2. Nf3 Nc6 3. Bb5 Bc5 4. O-O d6 5. b4 Bb6 6. c4 Bg4 7. Bxc6+ bxc6
8. Qa4 Ne7 9. Bb2 f6 10. Nc3 Bxf3 11. gxf3 Qd7 12. Qb3 Ng6 13. Ne2 Nh4 14.
f4 Qg4+ 15. Qg3 Qxg3+ 16. Nxg3 Nf3+ 17. Kg2 Nxd2 18. Rfc1 exf4 19. Nh5 f3+
20. Kh3 Kf7 21. c5 dxc5 22. Ng3 Rhe8 23. e5 f5 24. bxc5 Ba5 25. Nxf5 Ne4
26. Rc2 Rab8 27. Nd4 Rxb2 28. Rxb2 Bc3 29. Rab1 Bxd4 30. Rb4 Nxf2+ 31. Kg3
Bxc5 32. Rb7 Bb6 33. R1xb6 axb6 34. Kxf2 Re7 35. Kxf3 Kg6 36. Kf4 Kh5 37.
Ra7 Rf7+ 38. Ke4 Kg4 39. Ra3 Rf4+ 0-1

[Event "2007 WA Championship"]
[Site "Legacy House"]
[Date "2007.09.16"]
[Round "7"]
[White "Balaji, Shyam"]
[Black "Williams, Verity"]
[Result "1/2-1/2"]
[WhiteElo "1274"]
[BlackElo "996"]

1. d4 d5 2. c4 e6 3. Nf3 Nf6 4. Nc3 Be7 5. e3 O-O 6. Bd3 dxc4 7. Bxc4 b6 8.
O-O Bb7 9. Re1 Nbd7 10. e4 Bb4 11. Bd3 c5 12. a3 cxd4 13. axb4 dxc3 14.
bxc3 Ng4 15. Ba6 Bxa6 16. Rxa6 Nde5 17. Nxe5 Nxe5 18. Qe2 Qd3 19. Qxd3 Nxd3
20. Rd1 Nxc1 21. Rxc1 Rfd8 22. Kf1 Rd7 23. c4 Rc8 24. f3 Rcc7 25. Ke2 Kf8
26. Rd1 Rxd1 27. Kxd1 Rxc4 28. Rxa7 Rxb4 1/2-1/2

[Event "2007 WA Championship"]
[Site "Legacy House"]
[Date "2007.09.16"]
[Round "7"]
[White "Boni, Christopher"]
[Black "Pavlovic, Michael"]
[Result "0-1"]
[WhiteElo "1288"]
[BlackElo "1604"]

1. d4 Nf6 2. c4 g6 3. Nc3 Bg7 4. e4 d6 5. Be3 O-O 6. f3 e5 7. Bd3 Nc6 8. d5
Nb4 9. Nge2 Nxd3+ 10. Qxd3 c6 11. dxc6 bxc6 12. O-O-O Be6 13. Qxd6 Qa5 14.
b3 Rfc8 15. Qc5 Qc7 16. Rd2 Bf8 17. Nd5 Nxd5 0-1

[Event "2007 WA Championship"]
[Site "Legacy House"]
[Date "2007.09.23"]
[Round "8"]
[White "Ellis, David"]
[Black "Hardegen, Andrew"]
[Result "0-1"]
[WhiteElo "1956"]
[BlackElo "1978"]

1. Nf3 Nf6 2. g3 d5 3. Bg2 Bg4 4. c4 c6 5. b3 e6 6. Bb2 Nbd7 7. O-O Bd6 8.
d4 Bxf3 9. exf3 Qc7 10. Re1 h5 11. Nc3 h4 12. cxd5 Nxd5 13. Nxd5 cxd5 14.
f4 hxg3 15. hxg3 Nf6 16. f5 Kd7 17. fxe6+ fxe6 18. Qe2 Rae8 19. Qb5+ Qc6
20. Qxc6+ bxc6 21. Bf3 g5 22. Rac1 g4 23. Bg2 Nh7 24. Re3 Ng5 25. Rce1 Ref8
26. Kf1 Rh2 27. Kg1 Rfh8 28. Kf1 Bb4 29. Bc3 Bd6 30. Bd2 Rf8 31. Kg1 Rh5
32. Rd3 Nf3+ 33. Bxf3 gxf3 34. Ree3 Rfh8 35. Rxf3 Rh1+ 36. Kg2 R8h2# 0-1